[Event "Madrid-chT 2122"]
[Site "Madrid"]
[Date "2021.11.28"]
[Round "1.1"]
[White "Candela Perez, Jose"]
[Black "Ingunza Curro, Andres"]
[Result "1/2-1/2"]
[WhiteElo "2330"]
[BlackElo "2382"]
[PlyCount "46"]
[EventDate "2021.11.27"]
[EventType "team-tourn"]
[EventRounds "14"]
[EventCountry "ESP"]
[SourceTitle "Ajedrez en Madrid"]
[Source "lmi"]
[SourceDate "2021.11.28"]
[SourceVersion "1"]
[SourceVersionDate "2022.03.28"]
[SourceQuality "1"]
[WhiteTeam "Alcala de Henares"]
[BlackTeam "Tajamar"]
[WhiteTeamCountry "ESP"]
[BlackTeamCountry "ESP"]

1. d4 Nf6 2. c4 e6 3. Nc3 d5 4. Bg5 Be7 5. e3 h6 6. Bh4 O-O 7. Nf3 b6 8. Rc1
Bb7 9. Bxf6 Bxf6 10. cxd5 exd5 11. b4 c6 12. Bd3 Qd6 13. Qb3 Nd7 14. O-O a5 15.
b5 c5 16. Bf5 Rfd8 17. Rfd1 cxd4 18. Nxd4 Ne5 19. Nc6 Nxc6 20. bxc6 Bxc6 21.
Ne4 Qe5 22. Nxf6+ Qxf6 23. Qxb6 Qxf5 1/2-1/2

[Event "Madrid-chT 2122"]
[Site "Madrid"]
[Date "2021.11.28"]
[Round "1.2"]
[White "Elissalt Cardenas, Hector"]
[Black "Moreno Ibañez, Miguel"]
[Result "0-1"]
[WhiteElo "2290"]
[BlackElo "2268"]
[PlyCount "74"]
[EventDate "2021.11.27"]
[EventType "team-tourn"]
[EventRounds "14"]
[EventCountry "ESP"]
[SourceTitle "Ajedrez en Madrid"]
[Source "lmi"]
[SourceDate "2021.11.28"]
[SourceVersion "1"]
[SourceVersionDate "2022.03.28"]
[SourceQuality "1"]
[WhiteTeam "Tajamar"]
[BlackTeam "Alcala de Henares"]
[WhiteTeamCountry "ESP"]
[BlackTeamCountry "ESP"]

1. d4 Nf6 2. c4 b6 3. Nc3 Bb7 4. f3 d5 5. cxd5 Nxd5 6. e4 Nxc3 7. bxc3 e5 8.
Bb5+ c6 9. Bc4 exd4 10. cxd4 Bb4+ 11. Kf2 O-O 12. Ne2 c5 13. a3 Ba5 14. Bb2
Qh4+ 15. g3 Qh6 16. d5 Nd7 17. Qd3 Rae8 18. Qe3 Qxe3+ 19. Kxe3 f5 20. Nf4 fxe4
21. fxe4 Nf6 22. Bxf6 Rxf6 23. Rac1 Rd6 24. Rhf1 Bc8 25. Bb5 Re7 26. Rc2 a6 27.
Bc6 Bf5 28. Rc4 b5 29. Kf3 Bh3 30. Nxh3 bxc4 31. Rc1 c3 32. Nf4 c4 33. h4 g6
34. g4 Bc7 35. Ne2 Rf6+ 36. Ke3 Bb6+ 37. Nd4 Ref7 0-1

[Event "Madrid-chT 2122"]
[Site "Madrid"]
[Date "2021.11.28"]
[Round "1.3"]
[White "Fernandez Lledo, Javier"]
[Black "Mkrtchyan, Levon"]
[Result "0-1"]
[WhiteElo "2261"]
[BlackElo "2259"]
[PlyCount "152"]
[EventDate "2021.11.27"]
[EventType "team-tourn"]
[EventRounds "14"]
[EventCountry "ESP"]
[SourceTitle "Ajedrez en Madrid"]
[Source "lmi"]
[SourceDate "2021.11.28"]
[SourceVersion "1"]
[SourceVersionDate "2022.03.28"]
[SourceQuality "1"]
[WhiteTeam "Alcala de Henares"]
[BlackTeam "Tajamar"]
[WhiteTeamCountry "ESP"]
[BlackTeamCountry "ESP"]

1. Nf3 Nf6 2. b3 g6 3. Bb2 Bg7 4. g3 d5 5. Bg2 O-O 6. c4 dxc4 7. bxc4 c5 8. O-O
Nc6 9. Ne5 Nd4 10. e3 Nf5 11. Qb3 Qc7 12. d4 Nd7 13. f4 Nb6 14. Na3 Bd7 15.
Rae1 Ba4 16. Qc3 cxd4 17. exd4 e6 18. Qa5 Bc6 19. c5 Bxg2 20. Kxg2 Nd5 21. Qxc7
Nxc7 22. g4 Ne7 23. Nac4 Rad8 24. Nd6 Ne8 25. Ba3 Nxd6 26. cxd6 Nd5 27. d7 Bxe5
28. dxe5 Rxd7 29. Bxf8 Kxf8 30. Kf2 Rc7 31. Rb1 Rc2+ 32. Kg3 Nc3 33. Rbe1 Ne2+
34. Kh3 Rxa2 35. Rf2 Ra3+ 36. Kg2 Nc3 37. Re3 b5 38. Rd2 b4 39. Rd7 a5 40. Ra7
Ra2+ 41. Kg3 Nd5 42. Re4 b3 43. Rc4 b2 44. Rc8+ Kg7 45. Rb8 Ra3+ 46. Kf2 Nxf4
47. Rbb7 Nd3+ 48. Kg2 Nxe5 49. Rxb2 Nxg4 50. Rbb7 Ne5 51. Rb5 Kf6 52. Raxa5
Rxa5 53. Rxa5 g5 54. Kg3 Nc4 55. Ra4 Ne3 56. Ra5 h5 57. Ra7 Kg6 58. Ra6 Kf5 59.
Ra4 h4+ 60. Kf2 Nd5 61. Ra5 Kg4 62. Ra3 Nf4 63. Ra7 f5 64. Ra1 e5 65. Rb1 Ne6
66. Kg2 e4 67. Rb5 h3+ 68. Kh1 Nd4 69. Rb4 Nc2 70. Rb2 Ne3 71. Rb4 Kf3 72. Rb3
f4 73. Ra3 g4 74. Ra8 Nc4 75. Ra2 e3 76. Rf2+ Ke4 0-1

[Event "Madrid-chT 2122"]
[Site "Madrid"]
[Date "2021.11.28"]
[Round "1.4"]
[White "Rodriguez Lopez, David"]
[Black "Palenciano Escolar, Adrian"]
[Result "1/2-1/2"]
[WhiteElo "2146"]
[BlackElo "2139"]
[PlyCount "52"]
[EventDate "2021.11.27"]
[EventType "team-tourn"]
[EventRounds "14"]
[EventCountry "ESP"]
[SourceTitle "Ajedrez en Madrid"]
[Source "lmi"]
[SourceDate "2021.11.28"]
[SourceVersion "1"]
[SourceVersionDate "2022.03.28"]
[SourceQuality "1"]
[WhiteTeam "Tajamar"]
[BlackTeam "Alcala de Henares"]
[WhiteTeamCountry "ESP"]
[BlackTeamCountry "ESP"]

1. e4 c5 2. Nf3 d6 3. d4 cxd4 4. Qxd4 Nc6 5. Bb5 Bd7 6. Qd3 Nf6 7. c4 g6 8. Nc3
Bg7 9. O-O O-O 10. h3 a6 11. Bxc6 Bxc6 12. Nd4 Nd7 13. Be3 Rc8 14. f3 Ne5 15.
Qe2 Bd7 16. b3 b5 17. f4 Nc6 18. Nxc6 Bxc6 19. Rac1 bxc4 20. bxc4 Qa5 21. Bd2
Qc5+ 22. Kh2 Rb8 23. Nd5 Bxd5 24. cxd5 Qa3 25. Rc2 Rfc8 26. Rfc1 Rxc2 1/2-1/2

[Event "Madrid-chT 2122"]
[Site "Madrid"]
[Date "2021.11.28"]
[Round "1.5"]
[White "Cubillo Muñoz, Miguel"]
[Black "Sahuquillo Cruz, Alejandro"]
[Result "1-0"]
[WhiteElo "2125"]
[BlackElo "2029"]
[PlyCount "95"]
[EventDate "2021.11.27"]
[EventType "team-tourn"]
[EventRounds "14"]
[EventCountry "ESP"]
[SourceTitle "Ajedrez en Madrid"]
[Source "lmi"]
[SourceDate "2021.11.28"]
[SourceVersion "1"]
[SourceVersionDate "2022.03.28"]
[SourceQuality "1"]
[WhiteTeam "Alcala de Henares"]
[BlackTeam "Tajamar"]
[WhiteTeamCountry "ESP"]
[BlackTeamCountry "ESP"]

1. e4 c5 2. Nf3 Nc6 3. d4 cxd4 4. Nxd4 e5 5. Nb5 d6 6. N1c3 a6 7. Na3 Be7 8.
Nc4 Nf6 9. Ne3 O-O 10. Bd3 b5 11. a4 b4 12. Ncd5 Nxd5 13. exd5 Nb8 14. a5 f5
15. Nc4 Nd7 16. f4 e4 17. Be2 Qc7 18. Be3 Nc5 19. Nb6 Rb8 20. Qd2 b3 21. c3 Bd8
22. Ra3 Qa7 23. Na4 Qc7 24. Nxc5 dxc5 25. Bc4 Qd6 26. Qf2 Be7 27. Rxb3 Rxb3 28.
Bxb3 Kh8 29. O-O Qc7 30. Rd1 Bd6 31. Ra1 c4 32. Bb6 Qb8 33. Bxc4 Bxf4 34. Qh4
Re8 35. Rd1 Qd6 36. b4 Qe5 37. d6 Bd7 38. Bf7 Rc8 39. Bd4 Qxd6 40. Bb3 Qh6 41.
Bxg7+ Qxg7 42. Qxf4 Bc6 43. Qh4 Rf8 44. Rd8 h6 45. Rd6 Kh7 46. Rxc6 f4 47. Bc2
Re8 48. Qxf4 1-0

[Event "Madrid-chT 2122"]
[Site "Madrid"]
[Date "2021.11.28"]
[Round "1.6"]
[White "Martinez Aragon, Aitor"]
[Black "Yañez Rodriguez, Wilbert"]
[Result "1/2-1/2"]
[WhiteElo "2008"]
[BlackElo "2118"]
[PlyCount "78"]
[EventDate "2021.11.27"]
[EventType "team-tourn"]
[EventRounds "14"]
[EventCountry "ESP"]
[SourceTitle "Ajedrez en Madrid"]
[Source "lmi"]
[SourceDate "2021.11.28"]
[SourceVersion "1"]
[SourceVersionDate "2022.03.28"]
[SourceQuality "1"]
[WhiteTeam "Tajamar"]
[BlackTeam "Alcala de Henares"]
[WhiteTeamCountry "ESP"]
[BlackTeamCountry "ESP"]

1. e4 c5 2. Nf3 g6 3. d4 cxd4 4. Nxd4 Bg7 5. Nc3 Nc6 6. Be3 Nf6 7. Bc4 Qa5 8.
O-O O-O 9. f3 d6 10. Qd2 Bd7 11. Bb3 Rfc8 12. Rad1 Ne5 13. Bh6 Bxh6 14. Qxh6
Nc4 15. Bxc4 Rxc4 16. Kh1 b5 17. a3 b4 18. Nb3 Qb6 19. axb4 Qxb4 20. e5 dxe5
21. Rfe1 a5 22. Rxe5 a4 23. Nd5 Nxd5 24. Rexd5 Rh4 25. c3 Qc4 26. Qe3 Qc7 27.
Qg1 Bc6 28. R5d4 Rh5 29. Nc1 Rb5 30. R4d2 Rab8 31. Nd3 Rd8 32. Nb4 Rxd2 33.
Rxd2 Bb7 34. Qd1 Rh5 35. Qg1 a3 36. bxa3 Qxc3 37. Rd8+ Kg7 38. Qd4+ Qxd4 39.
Rxd4 Ra5 1/2-1/2

[Event "Madrid-chT 2122"]
[Site "Madrid"]
[Date "2021.11.27"]
[Round "1.1"]
[White "Espinosa Aranda, Angel"]
[Black "Taboas Rodriguez, Daniel"]
[Result "1-0"]
[WhiteElo "2474"]
[BlackElo "2367"]
[PlyCount "33"]
[EventDate "2021.11.27"]
[EventType "team-tourn"]
[EventRounds "14"]
[EventCountry "ESP"]
[SourceTitle "Ajedrez en Madrid"]
[Source "lmi"]
[SourceDate "2021.11.28"]
[SourceVersion "1"]
[SourceVersionDate "2022.03.28"]
[SourceQuality "1"]
[WhiteTeam "Virgen de Atocha"]
[BlackTeam "Blanco y Negro"]
[WhiteTeamCountry "ESP"]
[BlackTeamCountry "ESP"]

1. d4 Nf6 2. c4 g6 3. Nc3 Bg7 4. e4 d6 5. Nf3 O-O 6. Be2 e5 7. O-O Nc6 8. d5
Ne7 9. b4 a5 10. bxa5 c5 11. a4 Nh5 12. g3 Rxa5 13. Ra3 Nf6 14. Nd2 Bh3 15. Re1
Bh6 16. Nb5 Ra6 17. g4 1-0

[Event "Madrid-chT 2122"]
[Site "Madrid"]
[Date "2021.11.27"]
[Round "1.2"]
[White "Alarcia Astiz, Carlos"]
[Black "Almagro Llamas, Pablo"]
[Result "1/2-1/2"]
[WhiteElo "2314"]
[BlackElo "2405"]
[PlyCount "101"]
[EventDate "2021.11.27"]
[EventType "team-tourn"]
[EventRounds "14"]
[EventCountry "ESP"]
[SourceTitle "Ajedrez en Madrid"]
[Source "lmi"]
[SourceDate "2021.11.28"]
[SourceVersion "1"]
[SourceVersionDate "2022.03.28"]
[SourceQuality "1"]
[WhiteTeam "Blanco y Negro"]
[BlackTeam "Virgen de Atocha"]
[WhiteTeamCountry "ESP"]
[BlackTeamCountry "ESP"]

1. e4 c5 2. Nf3 d6 3. d4 cxd4 4. Nxd4 Nf6 5. Nc3 a6 6. f4 e5 7. Nf3 Qc7 8. Bd3
Nbd7 9. O-O b5 10. a3 Bb7 11. Kh1 g6 12. Qe1 Bg7 13. fxe5 dxe5 14. Qh4 h6 15.
Be3 Nc5 16. Nd2 Nh5 17. Qf2 Nxd3 18. cxd3 O-O 19. Nb3 f5 20. Qd2 fxe4 21. Rxf8+
Bxf8 22. dxe4 Nf6 23. Bxh6 Nxe4 24. Nxe4 Bxe4 25. Bxf8 Rxf8 26. h3 Qc4 27. Re1
Qd5 28. Kg1 Rc8 29. Re2 Bd3 30. Re3 Rc2 31. Rxe5 Qxe5 32. Qxd3 Qe1+ 33. Kh2
Qe5+ 34. Kg1 Qf5 35. Qe3 Qd5 36. Qe8+ Kg7 37. Qe7+ Qf7 38. Qe3 Rxb2 39. Nd2 Qf6
40. Qa7+ Kg8 41. Qb8+ Qf8 42. Qg3 Qc5+ 43. Kh2 Kg7 44. Ne4 Qd4 45. Qc7+ Kf8 46.
Ng5 Qf2 47. Ne6+ Ke8 48. Ng7+ Kf8 49. Ne6+ Ke8 50. Ng7+ Kf8 51. Ne6+ 1/2-1/2

[Event "Madrid-chT 2122"]
[Site "Madrid"]
[Date "2021.11.27"]
[Round "1.3"]
[White "Vallejo Diaz, Jesus"]
[Black "Renteria Becerra, Jorge Elicer"]
[Result "0-1"]
[WhiteElo "2234"]
[BlackElo "2272"]
[PlyCount "106"]
[EventDate "2021.11.27"]
[EventType "team-tourn"]
[EventRounds "14"]
[EventCountry "ESP"]
[SourceTitle "Ajedrez en Madrid"]
[Source "lmi"]
[SourceDate "2021.11.28"]
[SourceVersion "1"]
[SourceVersionDate "2022.03.28"]
[SourceQuality "1"]
[WhiteTeam "Virgen de Atocha"]
[BlackTeam "Blanco y Negro"]
[WhiteTeamCountry "ESP"]
[BlackTeamCountry "ESP"]

1. e4 c5 2. Nf3 Nc6 3. Bb5 d6 4. h3 Nf6 5. Qe2 Bd7 6. c3 e6 7. O-O a6 8. Bd3
Ne5 9. Bc2 Be7 10. Ne1 O-O 11. f4 Ng6 12. d3 Bc6 13. g4 Nd7 14. Ng2 b5 15. Nd2
b4 16. Nf3 bxc3 17. bxc3 Bf6 18. Bd2 Qa5 19. Qe1 Rab8 20. g5 Bd8 21. h4 c4 22.
d4 Rb2 23. Bb1 d5 24. e5 Ne7 25. Ne3 Ba4 26. f5 exf5 27. Nxf5 Nxf5 28. Bxf5 Re8
29. Bc1 Rb6 30. h5 g6 31. Bh3 Nf8 32. Ba3 Ne6 33. Bb4 Qb5 34. Qh4 a5 35. Ba3
Bc2 36. Rf2 Be4 37. Bxe6 Rbxe6 38. Qf4 Qd7 39. Re1 gxh5 40. Rxe4 dxe4 41. Qxe4
Rg6 42. Bc1 Qg4+ 43. Qxg4 hxg4 44. Nh4 Bxg5 45. Bxg5 Rxg5 46. Nf5 g3 47. Rf3
Rb8 48. Nxg3 Rb2 49. Kf1 Rxa2 50. Ne4 Rgg2 51. Ng3 Rgc2 52. Kg1 Rg2+ 53. Kh1
Rgf2 0-1

[Event "Madrid-chT 2122"]
[Site "Madrid"]
[Date "2021.11.27"]
[Round "1.4"]
[White "Hidalgo Duque, Carlos"]
[Black "Rabadan Velasco, Raul"]
[Result "1-0"]
[WhiteElo "2259"]
[BlackElo "2191"]
[PlyCount "103"]
[EventDate "2021.11.27"]
[EventType "team-tourn"]
[EventRounds "14"]
[EventCountry "ESP"]
[SourceTitle "Ajedrez en Madrid"]
[Source "lmi"]
[SourceDate "2021.11.28"]
[SourceVersion "1"]
[SourceVersionDate "2022.03.28"]
[SourceQuality "1"]
[WhiteTeam "Blanco y Negro"]
[BlackTeam "Virgen de Atocha"]
[WhiteTeamCountry "ESP"]
[BlackTeamCountry "ESP"]

1. Nf3 Nc6 2. d4 d5 3. c4 Bg4 4. cxd5 Bxf3 5. dxc6 Bxc6 6. Nc3 Nf6 7. f3 e5 8.
dxe5 Nd7 9. e4 Nxe5 10. Be3 Bb4 11. Be2 Qe7 12. O-O Bc5 13. Qc1 O-O 14. Kh1 Bb6
15. f4 Nd7 16. Bf3 Nc5 17. Qc2 Ne6 18. Qe2 Bxe3 19. Qxe3 Qb4 20. a3 Qd4 21.
Qxd4 Nxd4 22. Rad1 Nxf3 23. gxf3 Rad8 24. f5 Rfe8 25. Kg2 Kf8 26. Kf2 Ke7 27.
Ke3 a5 28. b4 axb4 29. axb4 b6 30. Rc1 Rd7 31. b5 Bb7 32. Ne2 Red8 33. Rc3 Ra8
34. Rfc1 Kd8 35. f6 g6 36. Nd4 Ra4 37. Rc4 Ra3+ 38. R1c3 Ra2 39. h4 Ra1 40. Rb4
Re1+ 41. Kf4 Rd1 42. Ke5 Rd6 43. Rbc4 Rd7 44. Ra3 Rd6 45. Rac3 Rd7 46. Rc1 Rd3
47. h5 gxh5 48. Rg1 Rd6 49. Rg8+ Kd7 50. Rf8 Re3 51. Rxf7+ Kd8 52. Rcxc7 1-0

[Event "Madrid-chT 2122"]
[Site "Madrid"]
[Date "2021.11.27"]
[Round "1.5"]
[White "Gil Quilez, David"]
[Black "Balbuena Fuentes, Mario"]
[Result "0-1"]
[WhiteElo "2150"]
[BlackElo "2221"]
[PlyCount "50"]
[EventDate "2021.11.27"]
[EventType "team-tourn"]
[EventRounds "14"]
[EventCountry "ESP"]
[SourceTitle "Ajedrez en Madrid"]
[Source "lmi"]
[SourceDate "2021.11.28"]
[SourceVersion "1"]
[SourceVersionDate "2022.03.28"]
[SourceQuality "1"]
[WhiteTeam "Virgen de Atocha"]
[BlackTeam "Blanco y Negro"]
[WhiteTeamCountry "ESP"]
[BlackTeamCountry "ESP"]

1. e4 e6 2. d4 d5 3. Nc3 Nf6 4. e5 Nfd7 5. f4 c5 6. Nf3 Nc6 7. Be3 Be7 8. Qd2
O-O 9. Be2 b6 10. O-O f5 11. Nd1 cxd4 12. Nxd4 Nxd4 13. Bxd4 Nc5 14. Nf2 Bb7
15. b4 Ne4 16. Nxe4 dxe4 17. Rfd1 Qc7 18. c3 Kh8 19. Qe3 Rg8 20. Kh1 g5 21. g3
gxf4 22. gxf4 Bh4 23. Qh3 e3+ 24. Bf3 Qc6 25. Rf1 Bf2 0-1

[Event "Madrid-chT 2122"]
[Site "Madrid"]
[Date "2021.11.27"]
[Round "1.6"]
[White "Rodriguez Melendez, Juan Humbert"]
[Black "Rey Martinez, Jaime"]
[Result "1-0"]
[WhiteElo "2149"]
[BlackElo "1979"]
[PlyCount "43"]
[EventDate "2021.11.27"]
[EventType "team-tourn"]
[EventRounds "14"]
[EventCountry "ESP"]
[SourceTitle "Ajedrez en Madrid"]
[Source "lmi"]
[SourceDate "2021.11.28"]
[SourceVersion "1"]
[SourceVersionDate "2022.03.28"]
[SourceQuality "1"]
[WhiteTeam "Blanco y Negro"]
[BlackTeam "Virgen de Atocha"]
[WhiteTeamCountry "ESP"]
[BlackTeamCountry "ESP"]

1. d4 d5 2. Nf3 e6 3. c4 dxc4 4. Qa4+ Nd7 5. Qxc4 c5 6. Nc3 Ngf6 7. e4 cxd4 8.
Nxd4 Be7 9. Be2 O-O 10. Nf3 e5 11. O-O a6 12. Rd1 b5 13. Qb3 b4 14. Nd5 Bb7 15.
Nxf6+ Bxf6 16. Qxb4 Rb8 17. Be3 Bc6 18. Qd6 Rc8 19. Bxa6 Be7 20. Qd3 Rb8 21.
Rac1 Qc7 22. Qc2 1-0

[Event "Madrid-chT 2122"]
[Site "Madrid"]
[Date "2021.11.28"]
[Round "1.1"]
[White "Reyes Larena, Juan"]
[Black "Vazquez Igarza, Renier"]
[Result "1/2-1/2"]
[WhiteElo "2445"]
[BlackElo "2532"]
[PlyCount "36"]
[EventDate "2021.11.27"]
[EventType "team-tourn"]
[EventRounds "14"]
[EventCountry "ESP"]
[SourceTitle "Ajedrez en Madrid"]
[Source "lmi"]
[SourceDate "2021.11.28"]
[SourceVersion "1"]
[SourceVersionDate "2022.03.28"]
[SourceQuality "1"]
[WhiteTeam "San Sebastian de los Reyes"]
[BlackTeam "Collado Villalba"]
[WhiteTeamCountry "ESP"]
[BlackTeamCountry "ESP"]

1. e4 c5 2. Nf3 d6 3. d4 cxd4 4. Nxd4 Nf6 5. Nc3 a6 6. Be2 e6 7. f4 Be7 8. O-O
Qc7 9. Bf3 Nc6 10. Be3 O-O 11. Nxc6 bxc6 12. Na4 c5 13. c4 Bb7 14. Qc2 Nd7 15.
Rad1 Rad8 16. b3 Nb8 17. Qf2 Nd7 18. Qc2 Nb8 1/2-1/2

[Event "Madrid-chT 2122"]
[Site "Madrid"]
[Date "2021.11.28"]
[Round "1.2"]
[White "Martin Duque, Jesus"]
[Black "Alfaya Marcelo, Roberto"]
[Result "1-0"]
[WhiteElo "2419"]
[BlackElo "2194"]
[PlyCount "79"]
[EventDate "2021.11.27"]
[EventType "team-tourn"]
[EventRounds "14"]
[EventCountry "ESP"]
[SourceTitle "Ajedrez en Madrid"]
[Source "lmi"]
[SourceDate "2021.11.28"]
[SourceVersion "1"]
[SourceVersionDate "2022.03.28"]
[SourceQuality "1"]
[WhiteTeam "Collado Villalba"]
[BlackTeam "San Sebastian de los Reyes"]
[WhiteTeamCountry "ESP"]
[BlackTeamCountry "ESP"]

1. e4 c5 2. Nf3 d6 3. d4 cxd4 4. Nxd4 Nf6 5. Nc3 a6 6. h3 e6 7. g4 b5 8. g5
Nfd7 9. a3 Bb7 10. Be3 Nc6 11. h4 Be7 12. Rg1 Rc8 13. Qg4 Nce5 14. Qg2 Qa5 15.
Nb3 Qc7 16. f4 Nc4 17. Bxc4 bxc4 18. Nd4 O-O 19. O-O-O Rfe8 20. g6 hxg6 21. h5
Nf8 22. hxg6 fxg6 23. f5 exf5 24. Nxf5 Bf6 25. Bd4 Bxd4 26. Nxd4 Re5 27. Qg4
Rce8 28. Nf3 Rxe4 29. Nxe4 Rxe4 30. Qg5 c3 31. b3 Ne6 32. Qxg6 Nf4 33. Qf5 Ne2+
34. Kb1 Nxg1 35. Ng5 Re5 36. Qh7+ Kf8 37. Qh8+ Ke7 38. Qxg7+ Kd8 39. Qxe5 Nf3
40. Rxd6+ 1-0

[Event "Madrid-chT 2122"]
[Site "Madrid"]
[Date "2021.11.28"]
[Round "1.3"]
[White "Martinez Fernandez, Raul"]
[Black "Lianes Garcia, Marcos"]
[Result "0-1"]
[WhiteElo "2193"]
[BlackElo "2409"]
[PlyCount "42"]
[EventDate "2021.11.27"]
[EventType "team-tourn"]
[EventRounds "14"]
[EventCountry "ESP"]
[SourceTitle "Ajedrez en Madrid"]
[Source "lmi"]
[SourceDate "2021.11.28"]
[SourceVersion "1"]
[SourceVersionDate "2022.03.28"]
[SourceQuality "1"]
[WhiteTeam "San Sebastian de los Reyes"]
[BlackTeam "Collado Villalba"]
[WhiteTeamCountry "ESP"]
[BlackTeamCountry "ESP"]

1. e4 c5 2. Nf3 d6 3. Bb5+ Nd7 4. O-O a6 5. Bxd7+ Bxd7 6. c3 Nf6 7. Re1 Bc6 8.
e5 dxe5 9. Nxe5 Rc8 10. d4 cxd4 11. cxd4 e6 12. Nc3 Be7 13. Qb3 b5 14. Bg5 Qxd4
15. Rad1 Qb4 16. Nxc6 Qxb3 17. axb3 Rxc6 18. Bxf6 Bxf6 19. Nd5 Be7 20. Nxe7
Kxe7 21. f4 Rd8 0-1

[Event "Madrid-chT 2122"]
[Site "Madrid"]
[Date "2021.11.28"]
[Round "1.4"]
[White "Quispe Arteaga, Gabriel"]
[Black "Hernandez Ramos, David"]
[Result "1-0"]
[WhiteElo "2388"]
[BlackElo "2090"]
[PlyCount "89"]
[EventDate "2021.11.27"]
[EventType "team-tourn"]
[EventRounds "14"]
[EventCountry "ESP"]
[SourceTitle "Ajedrez en Madrid"]
[Source "lmi"]
[SourceDate "2021.11.28"]
[SourceVersion "1"]
[SourceVersionDate "2022.03.28"]
[SourceQuality "1"]
[WhiteTeam "Collado Villalba"]
[BlackTeam "San Sebastian de los Reyes"]
[WhiteTeamCountry "ESP"]
[BlackTeamCountry "ESP"]

1. d4 d5 2. c4 e6 3. Nc3 Nf6 4. cxd5 exd5 5. Bg5 Be7 6. e3 O-O 7. Bd3 c6 8. Qc2
h6 9. Bh4 Re8 10. Nge2 Nbd7 11. O-O Ne4 12. Bg3 Nxg3 13. Nxg3 Nf6 14. a3 a6 15.
Rad1 Bd6 16. Rfe1 Qc7 17. Nf1 Ng4 18. e4 Bxh2+ 19. Kh1 Bf4 20. g3 Bg5 21. f3
Nf6 22. e5 Nd7 23. Nxd5 Qd8 24. Nc3 Nb6 25. f4 Be7 26. Ne3 Be6 27. Bh7+ Kh8 28.
Be4 Rc8 29. Qg2 Bb3 30. Rd3 Nc4 31. Nf5 Nb6 32. g4 Nd5 33. Nxd5 Bxd5 34. Bxd5
Qxd5 35. Qxd5 cxd5 36. Ne3 Red8 37. Rdd1 Bh4 38. Rf1 Kg8 39. Nf5 g5 40. Ne7+
Kf8 41. Nxc8 Rxc8 42. f5 Rc2 43. Rc1 Rxb2 44. f6 Ke8 45. e6 1-0

[Event "Madrid-chT 2122"]
[Site "Madrid"]
[Date "2021.11.28"]
[Round "1.5"]
[White "Hernandez Ramos, Alberto"]
[Black "Suarez Uriel, Adrian"]
[Result "1-0"]
[WhiteElo "2084"]
[BlackElo "2343"]
[PlyCount "59"]
[EventDate "2021.11.27"]
[EventType "team-tourn"]
[EventRounds "14"]
[EventCountry "ESP"]
[SourceTitle "Ajedrez en Madrid"]
[Source "lmi"]
[SourceDate "2021.11.28"]
[SourceVersion "1"]
[SourceVersionDate "2022.03.28"]
[SourceQuality "1"]
[WhiteTeam "San Sebastian de los Reyes"]
[BlackTeam "Collado Villalba"]
[WhiteTeamCountry "ESP"]
[BlackTeamCountry "ESP"]

1. e4 c5 2. Nf3 Nc6 3. d4 cxd4 4. Nxd4 Nf6 5. Nc3 d6 6. Bg5 e6 7. Qd2 a6 8.
O-O-O Bd7 9. Be2 h6 10. Be3 Nxd4 11. Qxd4 Qc7 12. Rhg1 Rc8 13. Rd2 b5 14. g4 e5
15. Qd3 Be6 16. Nd5 Bxd5 17. exd5 Nd7 18. f4 Be7 19. Qf5 Qd8 20. g5 exf4 21. g6
O-O 22. Bd3 Bg5 23. Bxf4 Bxf4 24. Qxf4 Ne5 25. gxf7+ Rxf7 26. Qxh6 Nxd3+ 27.
Rxd3 Qd7 28. Rdg3 Rxc2+ 29. Kxc2 Qf5+ 30. Kc1 1-0

[Event "Madrid-chT 2122"]
[Site "Madrid"]
[Date "2021.11.28"]
[Round "1.6"]
[White "Ruiz Buendia, Miguel"]
[Black "Esquivias Gomez, Francisco Javier"]
[Result "0-1"]
[WhiteElo "2141"]
[BlackElo "1986"]
[PlyCount "78"]
[EventDate "2021.11.27"]
[EventType "team-tourn"]
[EventRounds "14"]
[EventCountry "ESP"]
[SourceTitle "Ajedrez en Madrid"]
[Source "lmi"]
[SourceDate "2021.11.28"]
[SourceVersion "1"]
[SourceVersionDate "2022.03.28"]
[SourceQuality "1"]
[WhiteTeam "Collado Villalba"]
[BlackTeam "San Sebastian de los Reyes"]
[WhiteTeamCountry "ESP"]
[BlackTeamCountry "ESP"]

1. e4 g6 2. d4 Bg7 3. c4 c5 4. d5 d6 5. Nc3 Nf6 6. Nf3 O-O 7. Bd3 a6 8. a4 b6
9. O-O e6 10. Bg5 exd5 11. cxd5 Qc7 12. Nd2 Nbd7 13. f4 Bb7 14. Nc4 Rac8 15.
Be2 Qb8 16. Ra3 Rce8 17. Qd3 b5 18. axb5 axb5 19. Nxb5 Nxe4 20. Rb3 Ba6 21. Qc2
Bxb5 22. Na3 Bd4+ 23. Kh1 Ba4 24. Rxb8 Bxc2 25. Rxe8 Rxe8 26. Nxc2 Nxg5 27.
Nxd4 cxd4 28. Bb5 Ne4 29. Bxd7 Rb8 30. g3 Rxb2 31. Re1 f5 32. Ba4 Nc3 33. Bd7
d3 34. Re8+ Kg7 35. Re7+ Kh6 36. g4 d2 37. g5+ Kh5 38. Rxh7+ Kg4 39. Ba4 Nxa4
0-1

[Event "Madrid-chT 2122"]
[Site "Madrid"]
[Date "2021.11.28"]
[Round "1.1"]
[White "Corral Blanco, Juan Antonio"]
[Black "Moreno Trujillo, Alejandro"]
[Result "1-0"]
[WhiteElo "2421"]
[BlackElo "2495"]
[PlyCount "101"]
[EventDate "2021.11.27"]
[EventType "team-tourn"]
[EventRounds "14"]
[EventCountry "ESP"]
[SourceTitle "Ajedrez en Madrid"]
[Source "lmi"]
[SourceDate "2021.11.28"]
[SourceVersion "1"]
[SourceVersionDate "2022.03.28"]
[SourceQuality "1"]
[WhiteTeam "La Didactica"]
[BlackTeam "Villalba 64"]
[WhiteTeamCountry "ESP"]
[BlackTeamCountry "ESP"]

1. d4 d5 2. c4 c6 3. Nf3 Nf6 4. Nc3 e6 5. e3 Nbd7 6. Qc2 Bd6 7. Bd3 O-O 8. O-O
dxc4 9. Bxc4 e5 10. h3 Qe7 11. a3 a5 12. Ba2 Rb8 13. Re1 b5 14. e4 b4 15. axb4
axb4 16. Ne2 c5 17. Ng3 Nb6 18. dxc5 Bxc5 19. Bg5 Bd6 20. Nh5 Nbd7 21. Bd5 h6
22. Nxf6+ Nxf6 23. Bxf6 Qxf6 24. Qb3 Bc5 25. Rec1 Qe7 26. Rc2 Bd7 27. Nxe5
Bxf2+ 28. Rxf2 Qxe5 29. Bxf7+ Kh8 30. Qd5 Qc7 31. e5 Rb5 32. Ra8 Rxa8 33. Qxa8+
Rb8 34. Qe4 Qc1+ 35. Kh2 Qc5 36. Rd2 Be8 37. Bb3 Bc6 38. Qd4 Qf8 39. Rf2 Qe7
40. Rf7 Qg5 41. Rf2 Qe7 42. e6 Rf8 43. Rf7 Rxf7 44. exf7 Qf8 45. Qe5 Bd7 46.
Qc7 Bf5 47. Bd5 Bg6 48. Kg3 Kh7 49. Kf4 Bb1 50. Ke5 Bg6 51. Qd6 1-0